Americká kríza naučila slovenské banky opatrnosti
Saved in:
| Main Author: | |
|---|---|
| Format: | Book Chapter |
| Language: | Slovak |
| Tags: |
No Tags, Be the first to tag this record!
|
MARC
| LEADER | 00000nla$a2200000$$$4500 | ||
|---|---|---|---|
| 001 | 0084902 | ||
| 005 | 20240502071949.6 | ||
| 041 | 0 | |a slo | |
| 044 | |a SK | ||
| 245 | 1 | 0 | |a Americká kríza naučila slovenské banky opatrnosti |c Miroslav Tučník |
| 500 | |a V dokumente v tlačenej forme je nesprávne uvedené krsné meno autora. | ||
| 100 | 1 | |a Tučník, Miroslav | |